{"text_format":"3","workbook":"xlsx","n_sheets":3,"sheets":["封面","汇总表","绿化工程"],"not_rendered":{"defined_names":2},"read":"whole","date_system":"1900"}

{"sheet":"封面","index":0,"n_rows":8,"n_cols":7,"rows_kept":8,"merged":[[0,0,0,7],[1,0,3,7],[4,0,4,1],[4,2,4,5],[5,0,5,1],[5,2,5,5],[6,0,6,6],[7,0,7,1],[7,2,7,5],[8,0,8,6]]}
["\n城北驾校和临漳公园公交首末站绿化工程专业分包\n"]
["招标控制价"]
[]
[]
["      报价单位：",{"$nulls":5},"(单位盖公章)"]
["法定代表人：",{"$nulls":5},"(签字或盖章)"]
[]
["   编制时间："]

{"sheet":"汇总表","index":1,"n_rows":12,"n_cols":7,"rows_kept":12,"merged":[[0,0,0,6],[1,0,1,6],[2,2,2,5],[3,0,4,0],[3,1,4,1],[3,2,3,4],[4,2,4,4],[5,4,5,5],[6,0,6,6]]}
[{"$f":"封面!A1","v":"\n城北驾校和临漳公园公交首末站绿化工程专业分包\n"}]
["招标控制价汇总表"]
["序号","项目","招标控制价（元）\n",{"$nulls":3},"备注"]
[1,"绿化工程","含税总价（元）",null,null,"不含税总价（元）"]
[null,null,{"$f":"绿化工程!J27","v":{"v":122564.52346896,"d":"122,564.52"}},null,null,{"$f":"绿化工程!I27","v":{"v":112444.51694400003,"d":"112,444.52"}}]
[2,"其中报价（增值税）","税率",{"v":0.09,"d":"9%"},{"$f":"C5/(1+D6)*D6","v":{"v":10120.00652496,"d":"10120.01"}},null,"税率由投标单位根据自身情况自身填报，后期开票税率应与填报税率一致"]
[]
["投标单位（签章）："]
[]
["法定代表人或授权委托人："]
[]
["日期："]

{"sheet":"绿化工程","index":2,"n_rows":27,"n_cols":11,"rows_kept":27,"merged":[[0,0,0,10],[1,0,1,10],[2,0,3,0],[2,1,3,1],[2,2,3,2],[2,3,3,3],[2,4,3,4],[2,5,3,5],[2,7,3,7],[2,8,3,8],[2,9,3,9],[2,10,3,10],[4,0,4,2],[4,10,14,10],[15,0,15,2],[26,1,26,5]]}
["城北驾校和临漳公园公交首末站绿化工程专业分包"]
["招标控制价清单"]
["序号","分部分项工程","工程项目特征","计量单位","工程量   ","综合单价\n（元，不含税）","税金","综合单价\n（元，含税）","合价（不含税）","合价(含税)","备注"]
[{"$nulls":6},{"v":0.09,"d":"9.00%"}]
["一、临漳公园公交首末站绿化工程",{"$nulls":9},"工程量清单编制说明\n一、招标范围：总承包合同、施工图纸范围内、招标人要求的绿化工程（包工期、包质量、包养护、包成活、包安全、包人工、包材料、包机具、包测量等）及工程量清单、设计变更、业主要求增加、工程联系单等要求的工作内容。投标人一旦中标，必须负责承包范围内所有工程的施工、验收、决算、保修等全部实施过程，同时也负责所在施工区域的文明施工及安全保护措施。\n二、编制依据：\n1、临漳公园公交首末站项目图纸\n2、《建设工程工程量清单计价规范》GB50500－2013，2018版《安徽省建设工程工程量清单计价办法》（建筑工程、装饰装修工程、安装工程、市政工程、景观园林工程）\n三：清单编制说明：\n1、工程量清单列出的每个细目已包括涉及与该细目有关的全部工程内容，投标人须自行综合考虑，投标人应将工程量清单与招标文件、合同通用条款、专用条款以及技术规范和会议纪要文件一起对照阅读。\n2、投标人必须注意，投标时所报的综合单价须是包含完成清单分项工程的所有工作内容及所需采取相应技术措施、施工方案等费用的报价。\n3、投标人须认真阅读与项目有关的招标文件、会议纪要文件等，并通过现场勘查，考虑周边环境及施工期间可能出现的事宜，确定其各项可能产生的费用，且已包含在投标报价中，工程结算时不再调整该部分的费用。\n4、措施项目费：清单所列项目仅供参考，投标人应根据其自行编制的施工组织设计文件，结合企业的技术装备情况，自行确定措施项目，但投标人必须是对施工现场实际勘察后结合工程经验，对所有的措施项目作出措施报价，没有报价的，视为已含在其他项目的报价中。一旦中标，措施项目费用不再调整。\n5、投标人应填写工程量清单中所有工程细目的价格，凡技术规范和图纸中注明的工程内容，如在清单中未列项，均应视为包含中其它相关项目中。\n6、投标人对工程量清单有任何疑问，应于招标文件规定的疑问提交截止日前提出，否则视为投标人认可该工程量清单已包括了招标范围的全部内容。\n\n\n\n7、清单描述不明确的，以会议纪要文件和相关施工验收规范、图集为准；清单与会议纪要文件标准不一致的，以业主要求为准。\n8、投标单位自行勘察现场，满足业主及工程规范要求。"]
[1,"栽植乔木","1、种类：朴树\n2、胸径：120mm\n3、株高、冠径：510-550\n4、起挖方式：带土起挖\n5、养护期：一年","株",19,{"v":434.3301000000001,"d":"434.33"},{"$f":"F6*$G$4","v":{"v":39.089709000000006,"d":"39.09"}},{"$f":"F6+G6","v":{"v":473.4198090000001,"d":"473.42"}},{"$f":"E6*F6","v":{"v":8252.271900000002,"d":"8252.27"}},{"$f":"E6*H6","v":{"v":8994.976371000002,"d":"8994.98"}}]
[2,"栽植乔木","1、种类：桂花\n2、株高、冠径：260-280\n3、起挖方式：带土起挖\n4、养护期：一年","株",9,{"v":262.35198,"d":"262.35"},{"v":23.6116782,"d":"23.61"},{"$f":"F7+G7","v":{"v":285.96365820000005,"d":"285.96"}},{"$f":"E7*F7","v":{"v":2361.16782,"d":"2361.17"}},{"$f":"E7*H7","v":{"v":2573.6729238000007,"d":"2573.67"}}]
[3,"栽植乔木","1、种类：日本晚樱\n2、株高、冠径：250-260\n3、起挖方式：带土起挖\n4、养护期：1年","株",5,{"v":174.36627,"d":"174.37"},{"v":15.692964299999998,"d":"15.69"},{"v":190.05923429999999,"d":"190.06"},{"v":871.8313499999999,"d":"871.83"},{"v":950.2961714999999,"d":"950.30"}]
[4,"栽植乔木","1、种类：红叶李\n2、株高、冠径：230-250\n3、起挖方式：带土起挖\n4、养护期：一年","株",6,{"v":201.55203000000003,"d":"201.55"},{"v":18.1396827,"d":"18.14"},{"v":219.69171270000004,"d":"219.69"},{"v":1209.3121800000001,"d":"1209.31"},{"v":1318.1502762000002,"d":"1318.15"}]
[5,"栽植乔木","1、种类：无刺构骨球\n2、株高、冠径：120-130\n3、起挖方式：带土起挖\n4、养护期：一年","株",9,{"v":238.42350000000002,"d":"238.42"},{"v":21.458115,"d":"21.46"},{"v":259.881615,"d":"259.88"},{"v":2145.8115000000003,"d":"2145.81"},{"v":2338.9345350000003,"d":"2338.93"}]
[6,"栽植乔木","1、种类：红花继木球\n2、胸径：60-80mm\n3、起挖方式：带土起挖\n4、养护期：一年","株",9,{"v":118.37394,"d":"118.37"},{"v":10.6536546,"d":"10.65"},{"v":129.02759460000001,"d":"129.03"},{"v":1065.36546,"d":"1065.37"},{"v":1161.2483514,"d":"1161.25"}]
[7,"栽植色带（海桐色块）","1、苗木、花卉种类：海桐色块\n2、株高或蓬径：50\n3、单位面积株数：25\n4、养护期：2年","m2",60,{"v":32.79204,"d":"32.79"},{"v":2.9512836,"d":"2.95"},{"v":35.7433236,"d":"35.74"},{"v":1967.5224,"d":"1967.52"},{"v":2144.599416,"d":"2144.60"}]
[8,"栽植色带（金叶女贞色块）","1、苗木、花卉种类：金叶女贞色块\n2、株高或蓬径：50\n3、单位面积株数：25\n4、养护期：2年","m2",270,{"v":32.79204,"d":"32.79"},{"v":2.9512836,"d":"2.95"},{"v":35.7433236,"d":"35.74"},{"v":8853.8508,"d":"8853.85"},{"v":9650.697371999999,"d":"9650.70"}]
[9,"栽植色带（红色石楠块）","1、苗木、花卉种类：红色石楠块\n2、株高或蓬径：50\n3、单位面积株数：25\n4、养护期：2年","m2",410,{"v":32.79204,"d":"32.79"},{"v":2.9512836,"d":"2.95"},{"v":35.7433236,"d":"35.74"},{"v":13444.7364,"d":"13444.74"},{"v":14654.762675999998,"d":"14654.76"}]
[10,"铺种草皮","1、按图纸要求","m2",775,{"v":27.02133,"d":"27.02"},{"v":2.4319197,"d":"2.43"},{"v":29.4532497,"d":"29.45"},{"v":20941.530749999998,"d":"20941.53"},{"v":22826.2685175,"d":"22826.27"}]
["二、城北驾校公交首末站绿化工程"]
[11,"栽植乔木","1、种类：黄山栾树\n2、胸径：120mm\n3、株高、冠径：310-350\n4、起挖方式：带土起挖\n5、养护期：一年","株",19,{"v":171.513018,"d":"171.51"},{"$f":"F17*$G$4","v":{"v":15.436171619999998,"d":"15.44"}},{"$f":"F17+G17","v":{"v":186.94918962,"d":"186.95"}},{"$f":"E17*F17","v":{"v":3258.7473419999997,"d":"3258.75"}},{"$f":"E17*H17","v":{"v":3552.03460278,"d":"3552.03"}}]
[12,"栽植乔木","1、种类：桂花\n2、株高、冠径：260-280\n3、起挖方式：带土起挖\n4、养护期：一年","株",17,{"v":271.09704600000003,"d":"271.10"},{"v":24.398734140000002,"d":"24.40"},{"v":295.49578014,"d":"295.50"},{"v":4608.649782,"d":"4608.65"},{"v":5023.42826238,"d":"5023.43"}]
[13,"栽植乔木","1、种类：日本晚樱\n2、株高、冠径：250-260\n3、起挖方式：带土起挖\n4、养护期：1年","株",9,{"v":180.178479,"d":"180.18"},{"v":16.21606311,"d":"16.22"},{"v":196.39454211,"d":"196.39"},{"v":1621.606311,"d":"1621.61"},{"v":1767.55087899,"d":"1767.55"}]
[14,"栽植乔木","1、种类：红叶李\n2、株高、冠径：230-250\n3、起挖方式：带土起挖\n4、养护期：一年","株",5,{"v":208.27043100000003,"d":"208.27"},{"v":18.74433879,"d":"18.74"},{"v":227.01476979000003,"d":"227.01"},{"v":1041.352155,"d":"1041.35"},{"v":1135.0738489500002,"d":"1135.07"}]
[15,"栽植乔木","1、种类：无刺构骨球\n2、株高、冠径：120-130\n3、起挖方式：带土起挖\n4、养护期：一年","株",7,{"v":246.37095000000002,"d":"246.37"},{"v":22.173385500000002,"d":"22.17"},{"v":268.54433550000005,"d":"268.54"},{"v":1724.5966500000002,"d":"1724.60"},{"v":1879.8103485000004,"d":"1879.81"}]
[16,"栽植乔木","1、种类：红花继木球\n2、胸径：60-80mm\n3、起挖方式：带土起挖\n4、养护期：一年","株",7,{"v":122.31973800000002,"d":"122.32"},{"v":11.00877642,"d":"11.01"},{"v":133.32851442,"d":"133.33"},{"v":856.2381660000001,"d":"856.24"},{"v":933.29960094,"d":"933.30"}]
[17,"栽植色带（海桐色块）","1、苗木、花卉种类：海桐色块\n2、株高或蓬径：50\n3、单位面积株数：25\n4、养护期：2年","m2",36,{"v":33.885108,"d":"33.89"},{"$f":"F23*$G$4","v":{"v":3.04965972,"d":"3.05"}},{"$f":"F23+G23","v":{"v":36.93476772,"d":"36.93"}},{"$f":"E23*F23","v":{"v":1219.863888,"d":"1219.86"}},{"$f":"E23*H23","v":{"v":1329.6516379200002,"d":"1329.65"}}]
[18,"栽植色带（金叶女贞色块）","1、苗木、花卉种类：金叶女贞色块\n2、株高或蓬径：50\n3、单位面积株数：25\n4、养护期：2年","m2",140,{"v":33.885108,"d":"33.89"},{"v":3.04965972,"d":"3.05"},{"v":36.93476772,"d":"36.93"},{"v":4743.915120000001,"d":"4743.92"},{"v":5170.8674808000005,"d":"5170.87"}]
[19,"栽植色带（红色石楠块）","1、苗木、花卉种类：红色石楠块\n2、株高或蓬径：50\n3、单位面积株数：25\n4、养护期：2年","m2",680,{"v":33.885108,"d":"33.89"},{"v":3.04965972,"d":"3.05"},{"v":36.93476772,"d":"36.93"},{"v":23041.873440000003,"d":"23041.87"},{"v":25115.642049600003,"d":"25115.64"}]
[20,"铺种草皮",null,"m2",330,{"v":27.922041,"d":"27.92"},{"v":2.51298369,"d":"2.51"},{"v":30.43502469,"d":"30.44"},{"v":9214.27353,"d":"9214.27"},{"v":10043.5581477,"d":"10043.56"}]
[null,"总价(元)",{"$nulls":6},{"$f":"SUM(I6:I26)","v":{"v":112444.51694400003,"d":"112444.52"}},{"$f":"SUM(J6:J26)","v":{"v":122564.52346896,"d":"122564.52"}}]